000 00327pab a2200133 454500
008 180718b2000 xxu||||| |||| 00| 0 eng d
100 _aStevens, Dennis J.
245 _aCivil liabilities and arrest decision
260 _c2000
300 _ap.119-42
650 _aLegal liability
773 _aPolice Journal
909 _a45623
999 _c45623
_d45623